000 00724nam a2200241Ia 4500
003 OSt
005 20220918183611.0
006 a|||||r|||| 00| 0
007 ta
008 220917b |||||||| |||| 00| 0 eng d
024 _a39,219
037 _cTextual
040 _aARTS
_cARTS
_beng
041 _2eng
_aeng
082 _aO15v212,N6, 111J8 (EPS)
100 _aKunjunni Raja K.
_942837
245 0 _aContribution of Kerala to Sanskrit literature
260 _aMadras
_bMadras Univ
_c1958
490 _aMadras University Sanskrit Series ed by V Raghavan; 23
650 _aENGLISH LITERATURE
942 _hO15v212,N6, 111J8 (EPS)
_cTEXL
_2CC
999 _c173196
_d173196